000 00593nam a22001937a 4500
003 OSt
005 20260430091214.0
008 260430b |||||||| |||| 00| 0 eng d
020 _a971-23-3454-6
040 _aDWC-Main lib.
_cOC
082 _aFil. 530.7 M294p 2002
100 _aCatchillar, Gery C.
245 _aPhysics laboratory manual on mechanics and energy/
_cGery C. Catchillar
260 _aManila :
_bRex Book Store,
_cc2002.
300 _aviii, 91 p. ;
_c25 cm.
650 _a1. Physics--Laboratory manual.
700 _aMalenab, Ryan G.
942 _2ddc
_cBK - FIL
_hFil.
_n0
999 _c10115
_d10115